Prehľad a charakteristika zlievarenskej výroby v rámci dvoch krajín Vyšehradskej skupiny (Slovenská republika a Maďarsko)
Enregistré dans:
| Auteur principal: | |
|---|---|
| Autres auteurs: | |
| Format: | Manuscrit Livre |
| Langue: | slovaque |
| Publié: |
2021
|
| Sujets: | |
| Accès en ligne: | http://is.stuba.sk/zp/portal_zp.pl?podrobnosti=153237 |
| Tags: |
Pas de tags, Soyez le premier à ajouter un tag!
|
MARC
| LEADER | 00000ntm a22000003a 4500 | ||
|---|---|---|---|
| 001 | stuzp78120 | ||
| 003 | SK-STU | ||
| 005 | 20210703210620.0 | ||
| 007 | ta | ||
| 008 | 150427s2015----xo-----f-mn---000-0-slo-d | ||
| 040 | |a STU |b slo | ||
| 041 | 0 | |a slo | |
| 100 | 1 | |a Puk, Nikolas |u 063000 |4 aut |U MTF Materiálovotechnologická fakulta |T MTF Ústav výrobných technológií |X 85438 |U M3000 |Y 83 |7 85438 | |
| 242 | 0 | 1 | |a Characteristic of the Foundry Production within Two Countries of the Visegrád Group (Slovak Republic and Hungary) |y eng |
| 245 | 1 | 0 | |a Prehľad a charakteristika zlievarenskej výroby v rámci dvoch krajín Vyšehradskej skupiny (Slovenská republika a Maďarsko) |
| 260 | |c 2021 | ||
| 650 | 4 | |a zlievarne |2 slo | |
| 650 | 4 | |a odliatky |2 slo | |
| 650 | 4 | |a odlievanie |2 slo | |
| 650 | 4 | |a foundries |2 eng | |
| 650 | 4 | |a castings |2 eng | |
| 650 | 4 | |a casting |2 eng | |
| 700 | 1 | |a Bajčičák, Martin |u 063300 |k Z1 |4 ths |U MTF Ústav výrobných technológií |T MTF Katedra zlievarenstva a práškovej metalurgie |X 27514 |U M3300 |Y 171 |7 A000027514 | |
| 856 | 4 | |u http://is.stuba.sk/zp/portal_zp.pl?podrobnosti=153237 | |
| 996 | |c M* BP-9191 |l MMSKP |s P |a 0 |w stuzp78120_0001 | ||